Clic Cette compétition sportive a-t-elle eu lieu ? - Statistiques

Statistiques générales
  • Ce quiz a été pris 13 fois
  • Le résultat moyen est 16 sur 30
Statistiques - réponses
Hint Explanation Réponse % Correct
Basket 2006 Coupe du monde OUI
77%
Football 2012 Championnat d'Europe OUI
77%
Rugby 2019 Victoria Cup OUI
69%
Hockey sur gazon 1978 Coupe du monde OUI
69%
Polo 1990 Championnat du monde 1989 ou 1992 NON
62%
Football 1942 Coupe du monde Pas de compétition à cause de la 2e Guerre mondiale NON
62%
Hockey sur glace 1968 Championnat du monde OUI
62%
Rugby 1914 Triple couronne OUI
62%
Rugby à XIII 1975 Coupe du monde OUI
62%
Handball 1996 Championnat d'Europe OUI
62%
Football 1957 Copa América OUI
62%
Multisports 2022 Jeux asiatiques OUI
62%
Rugby 1983 Coupe du monde A partir de 1987 seulement NON
54%
Multisports 1965 Jeux africains OUI
54%
Handball 1938 Championnat du monde OUI
54%
Football 2006 Coupe d'Asie des Nations 2007 NON
46%
Multisports 1930 Jeux olympiques 1928 ou 1932 NON
46%
Rugby 1999 Tournoi des 6 nations 5 nations seulement NON
46%
Cricket 1936 Coupe du monde Créé en 1975 NON
46%
Rugby 2021 Coupe de l'Océanie Annulé à cause du covid NON
46%
Basket 1946 Championnat d'Europe OUI
46%
Horse ball 2022 Championnat du monde OUI
46%
Football 1973 Coupe d'Océanie OUI
46%
Multisports 2018 Jeux Méditerranéens OUI
46%
Basket 2016 Championnat des Amériques 2015 ou 2017 NON
38%
Water polo 1922 Championnat d'Europe Créé en 1926 NON
38%
Volley 2008 Championnat du monde 2006 ou 2010 NON
38%
Volley 1999 Ligue des Nations OUI
38%
Volley 1986 Championnat d'Europe 1985 ou 1987 NON
23%
Handball 2010 Championnat d'Amérique du sud et centrale Existe depuis 2020 NON
23%
Aucun quiz correspondant
Distribution des résultats
% des personnes avec chaque résultat
Percentile par nombre de réponses
Votre historique - résultats
Vous n’avez pas pris ce quiz